Introduction to fuzzy control / (Record no. 192217)
[ view plain ]
| 000 -LEADER | |
|---|---|
| fixed length control field | 00997nam a2200289Ia 4500 |
| 005 - DATE AND TIME OF LATEST TRANSACTION | |
| control field | 20220719153858.0 |
| 008 - FIXED-LENGTH DATA ELEMENTS--GENERAL INFORMATION | |
| fixed length control field | 210716s2001 xx 000 0 und d |
| 020 ## - INTERNATIONAL STANDARD BOOK NUMBER | |
| International Standard Book Number | 9788173190698 |
| 040 ## - CATALOGING SOURCE | |
| Transcribing agency | AIMIT LIBRARY |
| 041 ## - LANGUAGE CODE | |
| Language code of text/sound track or separate title | eng |
| 082 ## - DEWEY DECIMAL CLASSIFICATION NUMBER | |
| Classification number | 006.321 |
| Edition number | 1 |
| Item number | DRID |
| 100 ## - MAIN ENTRY--PERSONAL NAME | |
| Personal name | Driankov,Dimiter |
| 9 (RLIN) | 51384 |
| 245 ## - TITLE STATEMENT | |
| Title | Introduction to fuzzy control / |
| Statement of responsibility, etc. | By D Driankov , H Hellendoorn and M Reinfrank |
| 250 ## - EDITION STATEMENT | |
| Edition statement | 1st ed. |
| 260 ## - PUBLICATION, DISTRIBUTION, ETC. | |
| Place of publication, distribution, etc. | New Delhi : |
| Name of publisher, distributor, etc. | Narosa Publishing House , |
| Date of publication, distribution, etc. | 2001. |
| 300 ## - PHYSICAL DESCRIPTION | |
| Extent | xv, 316p. ; |
| Other physical details | PB : |
| Dimensions | 21.5 cm. |
| 650 ## - SUBJECT ADDED ENTRY--TOPICAL TERM | |
| Topical term or geographic name entry element | Neural Networks |
| 9 (RLIN) | 51385 |
| 650 ## - SUBJECT ADDED ENTRY--TOPICAL TERM | |
| Topical term or geographic name entry element | Knowledge Based systems for process Control |
| 9 (RLIN) | 51386 |
| 650 ## - SUBJECT ADDED ENTRY--TOPICAL TERM | |
| Topical term or geographic name entry element | The Mathematics of Fuzzy Control |
| 9 (RLIN) | 51387 |
| 650 ## - SUBJECT ADDED ENTRY--TOPICAL TERM | |
| Topical term or geographic name entry element | FKBC Parameters |
| 9 (RLIN) | 51388 |
| 650 ## - SUBJECT ADDED ENTRY--TOPICAL TERM | |
| Topical term or geographic name entry element | Nonlinear Fuzzy Control |
| 9 (RLIN) | 51389 |
| 650 ## - SUBJECT ADDED ENTRY--TOPICAL TERM | |
| Topical term or geographic name entry element | Adaptive Fuzzy Control |
| 9 (RLIN) | 51390 |
| 650 ## - SUBJECT ADDED ENTRY--TOPICAL TERM | |
| Topical term or geographic name entry element | Stability of Fuzzy Control Systems |
| 9 (RLIN) | 51391 |
| 700 ## - ADDED ENTRY--PERSONAL NAME | |
| Personal name | Hellendoorm, Hans |
| 9 (RLIN) | 51392 |
| 700 ## - ADDED ENTRY--PERSONAL NAME | |
| Personal name | Reinfrank, Michael. |
| 9 (RLIN) | 51393 |
| 942 ## - ADDED ENTRY ELEMENTS (KOHA) | |
| Source of classification or shelving scheme | Dewey Decimal Classification |
| Koha item type | Book |
| Edition | 1st |
| Call number prefix | 006.321 DRID |
| Withdrawn status | Lost status | Source of classification or shelving scheme | Damaged status | Not for loan | Collection code | Home library | Current library | Source of acquisition | Cost, normal purchase price | Inventory number | Total Checkouts | Full call number | Barcode | Date last seen | Cost, replacement price | Price effective from | Koha item type |
|---|---|---|---|---|---|---|---|---|---|---|---|---|---|---|---|---|---|
| Dewey Decimal Classification | MCA | St Aloysius Institute of Management & Information Technology | St Aloysius Institute of Management & Information Technology | Narosa Book Distributors | 295.00 | Bill no:61962; Bill dt:2012-02-0 | 006.321 DRID | MCA11725 | 05/23/2026 | 221.25 | 07/16/2021 | Book | |||||
| Dewey Decimal Classification | MCA | St Aloysius Institute of Management & Information Technology | St Aloysius Institute of Management & Information Technology | Knowledge World | 350.00 | Bill no:173; Bill dt:2014-07-12 | 006.321 DRID | MCA13507 | 05/23/2026 | 262.50 | 07/16/2021 | Book | |||||
| Dewey Decimal Classification | MCA | St Aloysius Institute of Management & Information Technology | St Aloysius Institute of Management & Information Technology | Narosa Book Distributors | 350.00 | Bill no:67452; Bill dt:2015-05-2 | 006.321 DRID | MCA14266 | 05/23/2026 | 262.50 | 07/16/2021 | Book |